| 000 | 00504cam a2200169ua 4500 | ||
|---|---|---|---|
| 020 | _c125.00 | ||
| 041 |
_aeng _h |
||
| 082 |
_a633.082 _bNAI/PL |
||
| 100 | _aNair, P.K.K . | ||
| 245 |
_aPlantation and agri-horticultural resources of Kerala : Aspects of plant sciences, Vol 7 / _cP.K.K.Nair. _hTextual Documents |
||
| 260 |
_aNew Delhi : _bToday and tomorrow`s printers and publishers , _c1984. |
||
| 300 | _a104 ; . | ||
| 365 | _a125.00 | ||
| 504 | _a | ||
| 942 | _cBK | ||
| 999 |
_c1634 _d1634 |
||